000 00726nam a22002057a 4500
999 _c12488
_d12488
003 AR-CdUCM
008 190409b ||||| |||| 00| 0 spa d
020 _a978-968-16-4040-8
040 _aMUNICIPALIDAD PROVINCIAL DEL CUSCO
_cBIBLIOTECA MUNICIPAL DEL CUSCO
082 _aEP / 808.06 /
_bD94
100 _aDoumerc, Beatriz
_930350
245 _aEl invisible director de orquesta :
260 _aMéxico :
_bFondo de cultura económica,
_c1994.
300 _a55 paginas
_c19 cm.
505 _aContenido :Siempre dice lo mismo -- Niebla y torcaza -- La florista -- Chicharra -- Pájaros y espantapájaros ...
650 _aCuentos
_9217
650 _aHistorietas
_910786
942 _2ddc
_cLIBROS
945 _arum
_d2019-04-09